<?xml version="1.0" encoding="UTF-8"?>
<record
    xmlns:xsi="http://www.w3.org/2001/XMLSchema-instance"
    xsi:schemaLocation="http://www.loc.gov/MARC21/slim http://www.loc.gov/standards/marcxml/schema/MARC21slim.xsd"
    xmlns="http://www.loc.gov/MARC21/slim">

  <leader>00460nam a22001577a 4500</leader>
  <controlfield tag="008">220916b        |||||||| |||| 00| 0 eng d</controlfield>
  <datafield tag="020" ind1=" " ind2=" ">
    <subfield code="a">0190942779</subfield>
  </datafield>
  <datafield tag="050" ind1=" " ind2=" ">
    <subfield code="a">P90</subfield>
    <subfield code="b">.B37 2021 </subfield>
  </datafield>
  <datafield tag="100" ind1=" " ind2=" ">
    <subfield code="a">Baran, Stanley J.</subfield>
  </datafield>
  <datafield tag="245" ind1=" " ind2=" ">
    <subfield code="a">Mass communication theory :</subfield>
    <subfield code="b">Foundations, frment and future/</subfield>
    <subfield code="c">Stanley J. Baran</subfield>
  </datafield>
  <datafield tag="250" ind1=" " ind2=" ">
    <subfield code="a">8th ed.</subfield>
  </datafield>
  <datafield tag="260" ind1=" " ind2=" ">
    <subfield code="a">New York</subfield>
    <subfield code="b">Oxford University Press</subfield>
    <subfield code="c">2021</subfield>
  </datafield>
  <datafield tag="300" ind1=" " ind2=" ">
    <subfield code="a">xxi, 426p.</subfield>
  </datafield>
  <datafield tag="700" ind1=" " ind2=" ">
    <subfield code="a">Davis, Dennis K.</subfield>
  </datafield>
  <datafield tag="942" ind1=" " ind2=" ">
    <subfield code="2">lcc</subfield>
    <subfield code="c">BK</subfield>
  </datafield>
  <datafield tag="999" ind1=" " ind2=" ">
    <subfield code="c">19488</subfield>
    <subfield code="d">19487</subfield>
  </datafield>
  <datafield tag="952" ind1=" " ind2=" ">
    <subfield code="0">0</subfield>
    <subfield code="1">0</subfield>
    <subfield code="2">lcc</subfield>
    <subfield code="7">0</subfield>
    <subfield code="a">KABU</subfield>
    <subfield code="b">KABU</subfield>
    <subfield code="d">2022-09-16</subfield>
    <subfield code="g">14312.00</subfield>
    <subfield code="i">1077/2022</subfield>
    <subfield code="l">0</subfield>
    <subfield code="o">P90 .B37 2021 C.1</subfield>
    <subfield code="p">032642</subfield>
    <subfield code="r">2022-09-16 00:00:00</subfield>
    <subfield code="t">C.1</subfield>
    <subfield code="w">2022-09-16</subfield>
    <subfield code="y">BK</subfield>
  </datafield>
  <datafield tag="952" ind1=" " ind2=" ">
    <subfield code="0">0</subfield>
    <subfield code="1">0</subfield>
    <subfield code="2">lcc</subfield>
    <subfield code="7">0</subfield>
    <subfield code="a">KABU</subfield>
    <subfield code="b">KABU</subfield>
    <subfield code="d">2022-09-16</subfield>
    <subfield code="g">14312.00</subfield>
    <subfield code="i">1078/2022</subfield>
    <subfield code="l">1</subfield>
    <subfield code="o">P90 .B37 2021 C.2</subfield>
    <subfield code="p">032643</subfield>
    <subfield code="r">2024-06-03 11:42:58</subfield>
    <subfield code="s">2024-05-23</subfield>
    <subfield code="t">C.2</subfield>
    <subfield code="w">2022-09-16</subfield>
    <subfield code="y">BK</subfield>
  </datafield>
  <datafield tag="952" ind1=" " ind2=" ">
    <subfield code="0">0</subfield>
    <subfield code="1">0</subfield>
    <subfield code="2">lcc</subfield>
    <subfield code="7">0</subfield>
    <subfield code="a">KABU</subfield>
    <subfield code="b">KABU</subfield>
    <subfield code="d">2022-09-16</subfield>
    <subfield code="g">14312.00</subfield>
    <subfield code="i">1076/2022</subfield>
    <subfield code="l">3</subfield>
    <subfield code="o">P90 .B37 2021 C.3</subfield>
    <subfield code="p">032645</subfield>
    <subfield code="r">2024-10-24 10:04:06</subfield>
    <subfield code="s">2024-10-09</subfield>
    <subfield code="t">C.3</subfield>
    <subfield code="w">2022-09-16</subfield>
    <subfield code="y">BK</subfield>
  </datafield>
  <datafield tag="952" ind1=" " ind2=" ">
    <subfield code="0">0</subfield>
    <subfield code="1">0</subfield>
    <subfield code="2">lcc</subfield>
    <subfield code="7">0</subfield>
    <subfield code="a">KABU</subfield>
    <subfield code="b">KABU</subfield>
    <subfield code="d">2022-09-16</subfield>
    <subfield code="g">14312.00</subfield>
    <subfield code="l">0</subfield>
    <subfield code="o">P90 .B37 2021 C.4</subfield>
    <subfield code="p">34619</subfield>
    <subfield code="r">2023-02-06 00:00:00</subfield>
    <subfield code="t">C.4</subfield>
    <subfield code="w">2022-09-16</subfield>
    <subfield code="y">BK</subfield>
  </datafield>
</record>
